000 00628nam a2200241Ia 4500
003 OSt
005 20250630100523.0
008 210423s2010 xx 000 0 und d
020 _a9780415475747
040 _cAL
041 _aeng
082 _a070.1
_223
_bDURL
100 _aAlan Durant
_994714
245 _aLanguage and media: a resource book for students
260 _bRoutledge
_c2010
300 _axvi,269
_bPB
365 _b445
_cINR
650 _aGeneral
_994715
650 _aMass Media
_994716
700 _aLambrou, Marina
_9216514
906 _aLanguage ; media: ; resource ; students
942 _2ddc
_cBK
999 _c161268
_d161268